00967cam a22002291 4500001001300000003000400013005001700017008004100034010001700075035001900092040004200111042001200153050001600165100003500181245024400216260005500460300006200515410007500577504004100652650002700693999001700720gs 31000246 DLC20260227111336.0800409s1931 kyuab b 000 0 eng c ags 31000246  a(OCoLC)6184475 aU.S. Geol. survey. LibrarycTxCMdDLC apremarc00aTN880b.J451 aJillson, Willard Rouse,d1890-10aNatural gas in western Kentucky;ba summary account of the occurrence of natural gas in the western part of this commonwealth coupled with brief statements as to the production and geology of each separate field,cby Willard Rouse Jillson. aFrankfort,bThe Kentucky geological survey,c1931. a7 p. l., 190 p. incl. maps (incl. front.) tables.c23 cm.10aKentucky.bGeological survey, 1920- [Ser. 6,tGeologic reports]vv. 38 a"Selected bibliography": p. 181-186. 0aNatural gaszKentucky. c26908d26908